Catalog

Record Details

Catalog Search



Fox versus fox  Cover Image Book Book

Fox versus fox / Corey R. Tabor.

Tabor, Corey R.,: (author,:, illustrator.).

Summary:

When a newcomer arrives, Fox demonstrates all his foxy skills, but when the other creature can do all the same things, he wonders if it really is another fox - and possibly a new friend! There’s only one Fox . . . except when there are two! Will Fox outfox this new fox? Or will he make a new friend?

Record details

  • ISBN: 9780063277939
  • ISBN: 006327793X
  • ISBN: 9780063277953
  • ISBN: 0063277956
  • ISBN: 9781518298035
  • ISBN: 1518298036
  • ISBN: 9798890336026
  • Physical Description: 32 pages : color illustrations ; 24 cm
  • Edition: First edition.
  • Publisher: New York, NY : Balzer + Bray, an imprint of HarperCollinsPublishers, 2024.

Content descriptions

General Note:
"My first I can read book"--Spine.
Subject: Foxes > Juvenile fiction.
Friendship > Juvenile fiction.
Nocturnal animals > Juvenile fiction.
Animals > Juvenile fiction.
Genre: Pictures.
Animal fiction.
Readers (Publications)

Available copies

  • 1 of 1 copy available at scottsboropl.

Holds

  • 0 current holds with 1 total copy.
Show Only Available Copies
Location Call Number / Copy Notes Barcode Shelving Location Status Due Date
scottsboropl BR Tab 32269001254237 Juvenile - Beginning Reader Available -

LDR 03081cam a2200781 i 4500
001163631
003SBPL
00520240708113750.0
008240219t20242024nyua a 000 1 eng d
010 . ‡a 2023937523
020 . ‡a9780063277939 ‡q(trade binding)
020 . ‡a006327793X ‡q(trade binding)
020 . ‡a9780063277953 ‡q(paperback)
020 . ‡a0063277956 ‡q(paperback)
020 . ‡a9781518298035 ‡q(FollettBound)
020 . ‡a1518298036 ‡q(FollettBound)
020 . ‡a9798890336026 ‡q(Penworthy)
035 . ‡a(OCoLC)1422531160 ‡z(OCoLC)1382385723 ‡z(OCoLC)1382386463
05014. ‡aPZ7.1.T29 ‡bFx 2024
08204. ‡a[E] ‡223/eng/20240216
1001 . ‡aTabor, Corey R.,: ‡eauthor,: ‡eillustrator.
24510. ‡aFox versus fox / ‡cCorey R. Tabor.
2463 . ‡aFox vs fox
250 . ‡aFirst edition.
264 1. ‡aNew York, NY : ‡bBalzer + Bray, an imprint of HarperCollinsPublishers, ‡c2024.
300 . ‡a32 pages : ‡bcolor illustrations ; ‡c24 cm
336 . ‡atext ‡btxt ‡2rdacontent
336 . ‡astill image ‡bsti ‡2rdacontent
337 . ‡aunmediated ‡bn ‡2rdamedia
338 . ‡avolume ‡bnc ‡2rdacarrier
4901 . ‡aI can read! My first shared reading
500 . ‡a"My first I can read book"--Spine.
520 . ‡aWhen a newcomer arrives, Fox demonstrates all his foxy skills, but when the other creature can do all the same things, he wonders if it really is another fox - and possibly a new friend! There’s only one Fox . . . except when there are two! Will Fox outfox this new fox? Or will he make a new friend?
650 0. ‡aFoxes ‡vJuvenile fiction.
650 0. ‡aFriendship ‡vJuvenile fiction.
650 0. ‡aNocturnal animals ‡vJuvenile fiction. ‡2sears
650 7. ‡aAnimals ‡vJuvenile fiction.
655 7. ‡aPictures.
655 0. ‡aAnimal fiction.
655 7. ‡aReaders (Publications) ‡2lcgft
830 0. ‡aI can read book.
901 . ‡a163631 ‡bAUTOGEN ‡c163631 ‡tbiblio

Additional Resources